[Event "Anibal Open"]
[Site "Anibal Open ESP"]
[Date "2001.01.14"]
[Round "7"]
[White "Skripchenko,A"]
[Black "Dominguez,L"]
[Result "1/2-1/2"]
[WhiteElo "2450"]
[BlackElo "2534"]

1.e4 c5 2.Nf3 d6 3.Bb5+ Bd7 4.Bxd7+ Qxd7 5.O-O Nf6 6.Qe2 Nc6 7.c3 e6 8.d4 cxd4
9.cxd4 d5 10.e5 Ne4 11.Be3 Be7 12.Ne1 f5 13.f3 Ng5 14.Nd3 Nf7 15.Rc1 O-O
16.Nd2 Rfc8 17.a3 a5 18.Nc5 Bxc5 19.Rxc5 b6 20.Rc3 Ne7 21.Rac1 Rxc3 22.Rxc3 Rc8
23.Nb1 Rxc3 24.Nxc3 h6 25.h4 Qc6 26.Qa6 Nc8 27.h5 Nd8  1/2-1/2

[Event "Belgian Interteams 2000-1"]
[Site "BEL"]
[Date "2001.01.14"]
[Round "12"]
[White "Klip,H"]
[Black "Vanderstricht,G"]
[Result "0-1"]
[WhiteElo "2322"]
[BlackElo "2369"]

1.e4 c5 2.Nf3 d6 3.Bb5+ Bd7 4.Bxd7+ Nxd7 5.O-O Ngf6 6.Qe2 e6 7.c3 Ne5 8.d4 Nxf3+
9.Qxf3 d5 10.e5 Nd7 11.Qg3 Qb6 12.dxc5 Nxc5 13.b4 Nd7 14.Be3 Qa6 15.Bd4 Qe2
16.Na3 h5 17.Rfe1 Qa6 18.Nc2 h4 19.Qf3 h3 20.g3 Nb6 21.a4 Nc4 22.Ne3 Qc6
23.b5 Qc7 24.Nxc4 Qxc4 25.Qe3 Be7 26.g4 a6 27.bxa6 Rxa6 28.a5 Qc6 29.Reb1 Bd8
30.Qe2 Rxa5 31.Rxa5 Bxa5 32.Qb5 Qxb5 33.Rxb5 b6 34.Bxb6 Bxb6 35.Rxb6 O-O
36.f4 Rc8 37.Rb3 Rc4 38.Kf2 Rxf4+ 39.Kg3 Re4 40.Kxh3 Rxe5 41.Kg3 Re3+  0-1

[Event "Belgian Interteams 2000-1"]
[Site "BEL"]
[Date "2001.01.14"]
[Round "12"]
[White "Nezar,M"]
[Black "Kohlweyer,B"]
[Result "1/2-1/2"]
[WhiteElo "2292"]
[BlackElo "2455"]

1.e4 c5 2.Nf3 d6 3.Bb5+ Nd7 4.O-O Nf6 5.Re1 a6 6.Bf1 b6 7.d4 cxd4 8.Nxd4 Bb7
9.Nc3 g6 10.g3 Bg7 11.Bg2 e5 12.Nb3 Qc7 13.Bg5 h6 14.Be3 Rd8 15.Qe2 O-O 16.Rad1 b5
17.a3 Nb6 18.Rd3 Nc4 19.Bc1 Rfe8 20.Nd2 Nb6 21.Nf1 d5 22.exd5 Nfxd5 23.Nxd5 Bxd5
24.Bxd5 Rxd5 25.Rxd5 Nxd5 26.Ne3 Nb6 27.Rd1 e4 28.b3 Qc6 29.Bd2 Nd7 30.Bb4 Ne5
31.Rd6 Nf3+ 32.Kg2 Qc8 33.h3 Kh7 34.c4 Re5 35.Rd5 Qe8 36.Rxe5 Qxe5 37.Nf1 f5
38.Nh2 Nd4 39.Qd1 e3 40.fxe3 Qxe3 41.cxb5 axb5 42.Nf3 Nxb3 43.Qd5 Qe2+ 44.Kg1 Nc1
45.Qb7 Qe4 46.Qxe4 fxe4 47.Nd2 e3 48.Ne4 Bb2 49.Kf1 Kg7 50.Bc3+  1/2-1/2

[Event "Anibal Open"]
[Site "Linares ESP"]
[Date "2001.01.15"]
[Round "8"]
[White "Arencibia,W"]
[Black "Zhang Zhong"]
[Result "0-1"]
[WhiteElo "2534"]
[BlackElo "2607"]

1.e4 c5 2.Nf3 d6 3.Bb5+ Nd7 4.d4 Nf6 5.e5 Qa5+ 6.Nc3 Ne4 7.Bd2 Nxc3 8.Bxd7+ Bxd7
9.Bxc3 Qa6 10.d5 Qc4 11.exd6 exd6 12.Qe2+ Qxe2+ 13.Kxe2 f6 14.b3 Kf7 15.a4 Bf5
16.Ne1 Re8+ 17.Kf1 h5 18.h4 g6 19.Rh2 Bh6 20.g3 Re7 21.Rd1 Rhe8 22.f3 b6
23.Bd2 Bh3+ 24.Ng2 Bxd2 25.Rxd2 Bxg2+ 26.Rhxg2 Re3 27.Rgf2 g5 28.hxg5 fxg5
29.Kg2 Kg6 30.Rd1 Re1 31.Rxe1 Rxe1 32.Rd2 Re3 33.Kf2 Rc3 34.Re2 Kf5 35.Kg2 c4
36.b4 Ra3 37.Re4 Rc3 38.Re2 Ra3 39.Re4 c3 40.Kf2 Rxa4 41.Ke3 g4 42.fxg4+ hxg4
43.Kd3 Ra2 44.Rf4+ Kg5 45.Kxc3 Ra3+ 46.Kd2 Rxg3 47.Rf7 Rf3 48.Rxa7 g3 49.c4 Rf4
50.Ke3 Rxc4 51.Rd7 Kf5  0-1

[Event "XXVI Open"]
[Site "Seville ESP"]
[Date "2001.01.15"]
[Round "4"]
[White "Campora,D"]
[Black "Moreno Carnero,J"]
[Result "1/2-1/2"]
[WhiteElo "2513"]
[BlackElo "2483"]

1.e4 c5 2.Nf3 d6 3.Bb5+ Bd7 4.Bxd7+ Qxd7 5.c4 Nc6 6.Nc3 Nf6 7.O-O g6 8.a3 Bg7
9.Rb1 O-O 10.b4 Ng4 11.b5 Nce5 12.h3 Nxf3+ 13.Qxf3 Ne5 14.Qe2 f5 15.f4 Nf7
16.Bb2 e6 17.d3 Rae8  1/2-1/2

[Event "Anibal Open"]
[Site "Linares ESP"]
[Date "2001.01.16"]
[Round "9"]
[White "Psakhis,L"]
[Black "Nalbandian,T"]
[Result "1/2-1/2"]
[WhiteElo "2598"]
[BlackElo "2481"]

1.e4 c5 2.Nf3 d6 3.Bb5+ Bd7 4.Bxd7+ Qxd7 5.O-O Nc6 6.b3 e5 7.d3 Be7 8.Nc3 Nf6
9.Bg5 O-O 10.Bxf6 Bxf6 11.Nd5 Bd8 12.Nd2 Ne7 13.Nxe7+ Bxe7 14.Nc4 Bg5 15.Qh5 f6
16.a4 d5 17.Nxe5 Qe8 18.Qxe8 Rfxe8 19.Nf3 dxe4 20.dxe4 Rxe4 21.Rfe1 Rae8
22.Rxe4 Rxe4 23.Rd1 c4 24.Kf1  1/2-1/2

[Event "Corus Reserve Gp"]
[Site "Wijk aan Zee NED"]
[Date "2001.01.16"]
[Round "1"]
[White "Klinova,M"]
[Black "Doggers,P"]
[Result "1/2-1/2"]
[WhiteElo "2328"]
[BlackElo "2161"]

1.e4 c5 2.Nf3 d6 3.Bb5+ Nd7 4.O-O Nf6 5.Re1 a6 6.Bf1 e5 7.c3 g6 8.d4 Bg7
9.a4 b6 10.dxe5 dxe5 11.Nbd2 O-O 12.Qc2 Bb7 13.Nc4 h6 14.Nfd2 Qc7 15.Ne3 Qc6
16.f3 Rfe8 17.Qb3 Nf8 18.Bc4 Qc7 19.Nd5 Nxd5 20.exd5 Red8 21.Ne4 Rd7 22.Be3 Qd8
23.d6 Bxe4 24.fxe4 Raa7 25.Rf1 Nh7 26.a5 b5 27.Bd5 c4 28.Qc2 Nf6 29.Bb6 Qb8
30.Qf2 Nxd5 31.Bxa7 Qxa7 32.Qxa7 Rxa7 33.exd5 Bf8 34.g4 Bxd6 35.Kg2 Kg7 36.Rad1 Rd7
37.h4 Bc7 38.d6 Bxa5 39.Ra1 Bb6 40.Rxa6 Rxd6 41.Kf3 f5 42.Re1 e4+ 43.Kf4 Kf6
44.gxf5 gxf5 45.Rea1 Ke6 46.h5 Bc7 47.Rxd6+ Bxd6+ 48.Ke3 Ke5 49.Ra8 f4+ 50.Kf2 f3
51.Rd8 b4 52.Kg3 bxc3 53.bxc3 Ke6+ 54.Kf2 Bf4 55.Rc8 Kd5 56.Rd8+ Ke5 57.Rc8 Kf5
58.Rxc4 Bd2 59.Rc5+ Kf4 60.Rc4 Be3+ 61.Kf1 Bb6 62.Rc6 Bd8 63.Rxh6 e3 64.Re6 e2+
65.Rxe2  1/2-1/2

[Event "Mermaid Beach Club GMB"]
[Site "Elbow Beach BER"]
[Date "2001.01.19"]
[Round "1"]
[White "Fierro Baquero,M"]
[Black "Teplitsky,Y"]
[Result "0-1"]
[WhiteElo "2287"]
[BlackElo "2446"]

1.e4 c5 2.Nf3 d6 3.Bb5+ Nd7 4.c4 Nf6 5.Nc3 e6 6.d4 cxd4 7.Qxd4 Be7 8.O-O O-O
9.Rd1 Qc7 10.Bg5 Ne5 11.Nxe5 dxe5 12.Qd3 b6 13.Rac1 Bb7 14.Qe2 Rfd8 15.Ba4 a6
16.Kh1 h6 17.Rxd8+ Rxd8 18.Bd2 Bc5 19.Be3 Bxe3 20.Qxe3 Rd4 21.f4 Rxc4 22.b3 exf4
23.Qe1 Rc5 24.b4 Rc4 25.Bb3 Rc6  0-1

[Event "17th Open"]
[Site "Geneva SUI"]
[Date "2001.01.21"]
[Round "2"]
[White "Vuilleumier,A"]
[Black "Leib,A"]
[Result "1/2-1/2"]
[WhiteElo "2109"]
[BlackElo "2239"]

1.e4 c5 2.Nf3 d6 3.Bb5+ Bd7 4.Bxd7+ Qxd7 5.c4 Nc6 6.d4 cxd4 7.Nxd4 g6 8.Nc3 Bg7
9.Nde2 Nf6 10.O-O O-O 11.f3 Qd8 12.Nd5 Nxd5 13.cxd5 Ne5 14.Qb3 Qc8 15.Bg5 Qc4
16.Qxc4 Nxc4 17.Rac1 f6 18.Rxc4 fxg5 19.Rc7 Bf6 20.Rxb7 Rfb8 21.Rxb8+ Rxb8
22.b3 Bb2 23.Rb1 Ba3 24.Kf1 Rc8 25.Nd4 Kf7 26.Nc6 a5 27.Ke2 h5 28.Kd3 Ra8
29.Kc4 Kf6 30.Kb5 Bb4 31.a4 Bd2 32.Kb6 g4 33.Kb7 Rh8 34.b4 axb4 35.a5 Rh7
36.a6 Be3 37.Rxb4 Bc5 38.Rb5 e6+ 39.Kc8 exd5 40.exd5 Bg1 41.Rb7 Rh8+ 42.Nd8 gxf3
43.gxf3 Ke5 44.a7 Bxa7 45.Rxa7 Kxd5 46.Rg7 Rf8 47.Rxg6 Rxf3 48.Rg5+ Ke4 49.Rxh5 Rf1
50.Kd7 d5 51.Nc6 Rh1 52.Kd6 d4 53.Rh4+ Kf3 54.Nxd4+ Kg2 55.Rg4+ Kxh2 56.Ke5 Rf1
57.Ke4 Rf8 58.Rg7 Kh3 59.Nf3 Re8+ 60.Kf4 Rf8+  1/2-1/2

[Event "ch-POL Boys U16"]
[Site "Zakopane POL"]
[Date "2001.01.22"]
[Round "7"]
[White "Przybylski,W"]
[Black "Sypien,M"]
[Result "1-0"]
[WhiteElo "2170"]
[BlackElo "2103"]

1.e4 c5 2.Nf3 d6 3.Bb5+ Bd7 4.a4 Nc6 5.O-O g6 6.Re1 Nd4 7.Bc4 Be6 8.Bxe6 Nxe6
9.e5 dxe5 10.Nxe5 Nf6 11.c3 Qd5 12.c4 Qd8 13.a5 Bg7 14.Qa4+ Nd7 15.Nc3 Qc7
16.Nd5 Qd6 17.d4 cxd4 18.Bf4 Nxf4 19.Nxd7 Nxd5 20.Nb6+ Kd8 21.Nxa8 Nb4 22.c5 Qxc5
23.Rac1 Qd6 24.Qb5 Nd5 25.Qxb7  1-0

[Event "ch-POL Boys U18"]
[Site "Zakopane POL"]
[Date "2001.01.23"]
[Round "8"]
[White "Maka,Mar"]
[Black "Tomczak,Raf"]
[Result "0-1"]
[WhiteElo "2094"]
[BlackElo "2314"]

1.e4 c5 2.Nf3 d6 3.Bb5+ Nc6 4.O-O Bd7 5.Re1 Nf6 6.c3 a6 7.Bf1 Bg4 8.d4 cxd4
9.cxd4 d5 10.e5 Nd7 11.Be3 e6 12.a3 Be7 13.Bd3 Qb6 14.Nc3 Rc8 15.b4 Qa7 16.Ne2 O-O
17.Nf4 g6 18.h3 Bxf3 19.Qxf3 Bg5 20.Ne2 Bd8 21.Rad1 Bb6 22.Qg4 Ne7 23.Nf4 Rc7
24.Qh4 Re8 25.Nh5 gxh5 26.Qxh5 Ng6 27.Bb1 Rc3 28.f4 Rxe3 29.Rxe3 Bxd4 30.f5 Bxe3+
31.Kh1 exf5 32.Qxf5 Ndxe5 33.Rxd5 Qb6 34.Ba2 Qc6 35.h4 Qc1+ 36.Kh2 Qg1+  0-1

[Event "Corus Reserve Gp"]
[Site "Wijk aan Zee NED"]
[Date "2001.01.25"]
[Round "8"]
[White "Etmans,M"]
[Black "De Mie,M"]
[Result "0-1"]
[WhiteElo "2163"]
[BlackElo "2150"]

1.e4 c5 2.Nf3 d6 3.Bb5+ Bd7 4.Bxd7+ Nxd7 5.O-O Ngf6 6.Qe2 e6 7.b3 Be7 8.Bb2 O-O
9.d3 Rc8 10.a4 Ne8 11.Na3 Bf6 12.d4 cxd4 13.Bxd4 Bxd4 14.Nxd4 Nc5 15.Rad1 Qe7
16.Nc4 Nxe4 17.Qxe4 d5 18.Nf5 Qc7 19.Qh4 exf5 20.Rxd5 Nf6 21.Rxf5 Qc6 22.Rf3 Rfe8
23.Ne3 Rcd8 24.c4 Rd3 25.b4 Re6 26.Rg3 Ne4 27.Rg4 Nf6 28.b5 Qe8 29.Rf4 Kh8
30.Qg5 h6 31.Qf5 Ra3 32.Rd1 Rxa4 33.Rfd4 Qf8 34.Rd8 Re8 35.Qc8 Rxd8 36.Qxd8 Qxd8
37.Rxd8+ Kh7 38.f3 b6 39.Kf2 Kg6 40.Rd6 Ra2+ 41.Kg3 Ra3 42.Nd5 Kf5 43.Ne7+ Ke5
44.Rd2 Ne4+  0-1

[Event "Corus Reserve Gp"]
[Site "Wijk aan Zee NED"]
[Date "2001.01.26"]
[Round "9"]
[White "Klinova,M"]
[Black "Wunnink,M"]
[Result "1-0"]
[WhiteElo "2328"]
[BlackElo "2210"]

1.e4 c5 2.Nf3 d6 3.Bb5+ Bd7 4.Bxd7+ Qxd7 5.c4 Nc6 6.Nc3 Nf6 7.d4 cxd4 8.Nxd4 Qg4
9.O-O Qxd1 10.Rxd1 g6 11.f3 Nxd4 12.Rxd4 Bg7 13.Rd3 Nd7 14.Nd5 Rc8 15.Be3 e6
16.Nf4 Ne5 17.Rb3 b6 18.Ne2 Rxc4 19.Rd1 O-O 20.Rxd6 Rc2 21.Rd2 Rcc8 22.Bd4 Rfd8
23.Kf1 Nc4 24.Rdd3 Bh6 25.Bf6 Re8 26.Kf2 Bf8 27.Rd7 a5 28.Nc3 Bc5+ 29.Ke2 Bb4
30.a3 Bxc3 31.Bxc3 Red8 32.Rxd8+ Rxd8 33.a4 e5 34.Rb5 f5 35.b3 Nd6 36.Rxe5 fxe4
37.fxe4 Rc8 38.Kd3 Nb7 39.Bd4 Rc6 40.Rb5 Nc5+ 41.Bxc5 bxc5 42.Rxa5 Rd6+ 43.Ke3 Rb6
44.Kd3 Rd6+ 45.Kc3  1-0

[Event "Open"]
[Site "Ubeda ESP"]
[Date "2001.01.27"]
[Round "7"]
[White "Turov,M"]
[Black "Gallego Jimenez,V"]
[Result "1-0"]
[WhiteElo "2546"]
[BlackElo "2353"]

1.e4 c5 2.Nf3 d6 3.Bb5+ Nc6 4.O-O Bd7 5.c3 Nf6 6.Re1 a6 7.Ba4 b5 8.Bc2 e5
9.h3 Be7 10.d4 O-O 11.d5 Na5 12.Nxe5 dxe5 13.d6 Nc4 14.dxe7 Qxe7 15.b3 Nd6
16.Bg5 Bc6 17.Nd2 h6 18.Bh4 b4 19.f4 Nb5 20.Nc4 Nxc3 21.Qf3 exf4 22.Qxf4 Qe6
23.e5 Nfe4 24.Bxe4 Bxe4 25.Rxe4 g5 26.Bxg5 Nxe4 27.Bxh6 Rfe8 28.Re1 Nc3 29.Nd6 Red8
30.Kh2 Kh7 31.Bg5 Rg8 32.Qh4+ Kg7 33.Bf6+ Kf8  1-0

[Event "It"]
[Site "Bajmok YUG"]
[Date "2001.01.28"]
[Round "3"]
[White "Tokovic,S"]
[Black "Milu,R"]
[Result "1/2-1/2"]
[WhiteElo "2318"]
[BlackElo "2432"]

1.e4 c5 2.Nf3 d6 3.Bb5+ Bd7 4.Bxd7+ Qxd7 5.c4 Nc6 6.d4 cxd4 7.Nxd4 Nf6 8.Nc3 g6
9.f3 Nxd4 10.Qxd4 Bg7 11.Be3 O-O 12.Qd3 Rfc8 13.Rc1 a6 14.a4 Qc7 15.b3 Qa5
16.O-O Qb4 17.Rb1 e6 18.Bd2 Qc5+ 19.Be3 Qb4 20.Bd2 Qc5+  1/2-1/2

[Event "4NCL"]
[Site "Birmingham ENG"]
[Date "2001.01.28"]
[Round "6"]
[White "Wall,G"]
[Black "Dineley,R"]
[Result "1/2-1/2"]
[WhiteElo "2384"]
[BlackElo "2273"]

1.e4 c5 2.Nf3 d6 3.Bb5+ Bd7 4.a4 Nf6 5.d3 Nc6 6.O-O g6 7.Nbd2 Bg7 8.Nc4 O-O
9.Re1 d5 10.exd5 Nxd5 11.c3 Rc8 12.Qb3 Nb6 13.Bg5 Be6 14.Rxe6 fxe6 15.Nxb6 axb6
16.Qxe6+ Kh8 17.Bh4 Qd6 18.Ng5 Qf4 19.Qh3 Bf6 20.Nf7+ Kg7 21.Bg3 Qd2 22.Bc4 Rxf7
23.Qxc8 Qxb2 24.Rf1 Rf8 25.Qxb7 Na5 26.Qc7 Nxc4 27.dxc4 Qxc3 28.Qxb6 Qxc4
29.Qb5 Qa2 30.Qxc5  1/2-1/2

[Event "6th HIT Open"]
[Site "Nova Gorica SLO"]
[Date "2001.01.29"]
[Round "5"]
[White "Ripari,M"]
[Black "Fercec,N"]
[Result "1/2-1/2"]
[WhiteElo "2301"]
[BlackElo "2450"]

1.e4 c5 2.Nf3 d6 3.Bb5+ Nd7 4.d4 Nf6 5.Nc3 a6 6.Bxd7+ Nxd7 7.Bg5 cxd4 8.Qxd4 f6
9.Be3 e6 10.O-O-O Qc7 11.g4 Ne5 12.Nxe5 dxe5 13.Qd3 b5 14.g5 Bd7 15.Bb6 Qc6
16.gxf6 gxf6 17.Rhg1 b4 18.Ne2 Qb5 19.Qf3 Qxb6 20.Qxf6 Bh6+ 21.Qxh6 O-O-O
22.Qe3  1/2-1/2

[Event "It"]
[Site "Bajmok YUG"]
[Date "2001.01.30"]
[Round "5"]
[White "Vidic,S"]
[Black "Milu,R"]
[Result "0-1"]
[WhiteElo "2227"]
[BlackElo "2432"]

1.e4 c5 2.Nf3 d6 3.Bb5+ Bd7 4.Bxd7+ Qxd7 5.O-O Nc6 6.d4 cxd4 7.Nxd4 Nf6 8.Re1 g6
9.c4 Bg7 10.Nc3 O-O 11.Be3 Rfc8 12.b3 Ng4 13.Nxc6 Bxc3 14.Nxe7+ Qxe7 15.Qxg4 Bxa1
16.Rxa1 Re8 17.Rd1 Qxe4 18.Qxe4 Rxe4 19.Rxd6 Ree8 20.Kf1 Red8 21.Rxd8+ Rxd8
22.Ke2 a6 23.a4 f5 24.g3 Kf7 25.b4 Ke6 26.f4 Kf7 27.a5 Re8 28.Kd3 Ke6 29.h4 Kd7
30.Bf2 Ke6 31.Be3 Rd8+ 32.Bd4 Kf7 33.Ke3 Rd7 34.Kd3 h6 35.Ke3 Ke8 36.Kd3 Kd8
37.Ke3 Kc8 38.Kd3 Kc7 39.Ke3 Kc6 40.Kd3 Rd8 41.Ke3 Re8+ 42.Be5 g5 43.hxg5 hxg5
44.Kd3 g4 45.Ke3 Re7 46.Kd3 Rh7 47.Bf6 Rd7+ 48.Bd4 Rd6 49.Ke3 Rh6 50.Bc3 Rh3
51.Be1 Rh2 52.Bf2 Rh1 53.Kd4 Rf1 54.Ke5 Rxf2 55.Kxf5 Rb2 56.Kxg4 Kd6 57.Kg5 Ke7
58.g4 Rxb4 59.f5 Rxc4  0-1

[Event "It"]
[Site "Bajmok YUG"]
[Date "2001.02.01"]
[Round "7"]
[White "Pap,M"]
[Black "Milu,R"]
[Result "1/2-1/2"]
[WhiteElo "2405"]
[BlackElo "2432"]

1.e4 c5 2.Nf3 d6 3.Bb5+ Bd7 4.Bxd7+ Qxd7 5.d4 cxd4 6.Nxd4 Nf6 7.Nc3 g6 8.O-O Bg7
9.f3 Nc6 10.Be3 O-O 11.Nd5 Rfc8 12.b3 Nxd5 13.exd5 Nxd4 14.Bxd4  1/2-1/2

[Event "9th Aosta Valley"]
[Site "Saint Vincent ITA"]
[Date "2001.02.03"]
[Round "1"]
[White "Ferrari,N"]
[Black "Atalik,S"]
[Result "0-1"]
[WhiteElo "2185"]
[BlackElo "2543"]

1.e4 c5 2.Nf3 d6 3.Bb5+ Nd7 4.d4 Nf6 5.Nc3 a6 6.Bxd7+ Nxd7 7.O-O cxd4 8.Qxd4 e6
9.Be3 Qf6 10.Qa4 Rb8 11.Bg5 Qg6 12.Rfe1 f6 13.Bf4 Qf7 14.Rad1 b5 15.Qa5 Nb6
16.Bxd6 Nc4 17.Qb4 Bxd6 18.Rxd6 Qe7 19.Red1 Nxd6 20.Rxd6 Rb6 21.e5 fxe5 22.Ne4 O-O
23.Rd4 Qxb4 24.Rxb4 Bb7 25.Nxe5 Rd8 26.f3 a5 27.Rb3 Bxe4 28.fxe4 Rd1+ 29.Kf2 Rd2+
30.Kf3 Rxc2 31.Rc3 Rxc3+ 32.bxc3 b4 33.c4 a4 34.Nd3 b3 35.axb3 Rxb3 36.Ke2 a3  0-1

[Event "TCh-FRA"]
[Site "Bordeaux FRA"]
[Date "2001.02.04"]
[Round "3"]
[White "Zangrilli,D"]
[Black "Fayard,A"]
[Result "1-0"]
[WhiteElo "2191"]
[BlackElo "2259"]

1.e4 c5 2.Nf3 d6 3.Bb5+ Nd7 4.c3 Nf6 5.Qe2 a6 6.Ba4 b5 7.Bc2 e5 8.d4 Be7
9.O-O O-O 10.d5 Nh5 11.h3 g6 12.Bh6 Ng7 13.a4 Rb8 14.axb5 axb5 15.Nbd2 f5
16.Ra7 c4 17.exf5 gxf5 18.Re1 Rb7 19.Rxb7 Bxb7 20.Nd4 Bxd5 21.Bxg7 Kxg7 22.Nxf5+ Kh8
23.f4 Rg8 24.Nf3 Bf6 25.Nh6 Rg3 26.Be4 Qa8 27.Nf7+ Kg8 28.Nxd6 exf4 29.Nf5 Rg6
30.Bxd5+ Qxd5 31.Qe6+ Qxe6 32.Rxe6 Bxc3 33.Re8+ Kf7 34.Re7+ Kf6 35.bxc3 Nb6
36.N3d4 Nd5 37.Re6+ Kg5 38.Re5 Nxc3 39.Nd6+ Kh6 40.N4f5+ Kg5 41.Nd4+ Kh6
42.N6xb5 Nxb5 43.Rxb5 Ra6 44.Rc5 Ra4 45.Nf5+ Kg5 46.Nd6+ Kf6 47.Rxc4 Ra1+
48.Kf2 Ke5 49.Nf7+ Kf5 50.Nh6+ Kg5 51.Ng4 Ra2+ 52.Kf3 Ra3+ 53.Kf2 Ra2+ 54.Kg1 f3
55.Ne3 fxg2 56.Nxg2 Rb2 57.Rc5+ Kg6 58.Kh2 Rb3 59.Nh4+ Kf6 60.Kg2 Ra3 61.Nf3 Kg6
62.Kg3 Kh6 63.Rd5 Kg6 64.Kg4 Ra4+ 65.Rd4 Ra5 66.Rd6+ Kg7 67.h4 Ra4+ 68.Rd4 Ra5
69.Ng5 Ra7 70.Rc4 Rb7 71.Rc7+ Rxc7 72.Ne6+ Kg6 73.Nxc7 Kg7 74.Kg5 Kf7 75.Nd5 Kg7
76.Nf6 Kh8 77.Nh5 Kg8 78.Kf6 Kf8 79.Ng3 Kg8 80.Ne4 Kf8 81.Ng5 Kg8 82.Nf7 h5
83.Kg6 Kf8 84.Nh6 Ke8 85.Kxh5 Ke7 86.Kg5 Ke8 87.Kf6  1-0

[Event "9th Aosta Valley"]
[Site "Saint Vincent ITA"]
[Date "2001.02.04"]
[Round "2"]
[White "Drabke,L"]
[Black "Efimov,I"]
[Result "0-1"]
[WhiteElo "2271"]
[BlackElo "2465"]

1.e4 c5 2.Nf3 d6 3.Bb5+ Nc6 4.O-O Bd7 5.Re1 e5 6.c3 a6 7.Bxc6 Bxc6 8.d4 Qc7
9.dxe5 dxe5 10.c4 Rd8 11.Qe2 Ne7 12.Nc3 Ng6 13.Be3 Be7 14.Red1 O-O 15.Rac1 Rxd1+
16.Rxd1 Rd8 17.g3 h6 18.a3 Qc8 19.Rd3 Re8 20.Nd5 Bf8 21.Nd2 b5 22.Qd1 Qb7
23.Qc2 Rc8 24.h3 Bd7 25.Kh2 Be6 26.Qb3 Rb8 27.Qc2 f5 28.Rb3 f4 29.gxf4 exf4
30.Nxf4 Bd6 31.e5 Nxe5 32.Qe4 Bxc4 33.Rc3 Qf7 34.Kg1 Re8 35.b3 Nd3 36.Qc6 Nxf4
37.Bxf4 Re1+  0-1

[Event "9th Aosta Valley"]
[Site "Saint Vincent ITA"]
[Date "2001.02.05"]
[Round "3"]
[White "Skripchenko,A"]
[Black "Atalik,S"]
[Result "1-0"]
[WhiteElo "2450"]
[BlackElo "2543"]

1.e4 c5 2.Nf3 d6 3.Bb5+ Bd7 4.Bxd7+ Qxd7 5.O-O Nf6 6.Qe2 Nc6 7.c3 e6 8.d4 cxd4
9.cxd4 d5 10.e5 Ng8 11.Nc3 Bb4 12.a3 Bxc3 13.bxc3 Nge7 14.Rd1 Na5 15.Rb1 h6
16.Ne1 Rc8 17.Rd3 b6 18.Qh5 Rc7 19.g4 Qc8 20.Bd2 Nc4 21.Bc1 Ng6 22.f4 Ncxe5
23.fxe5 Rxc3 24.Rd1 Qc4 25.Ng2 Qa2 26.Be3 Qxa3 27.Ra1 Qe7 28.Rf1 Qc7 29.Ra2 O-O
30.Raf2 a5 31.g5 hxg5 32.Bxg5 Qc4 33.Be3 Qd3 34.Rf3 Qe2 35.Qg5 Rc2 36.R3f2 Qc4
37.h4 Rxf2 38.Rxf2 Kh7 39.h5 Nh8 40.Nh4 Qd3 41.Rg2 Rg8 42.Ng6 Qd1+  1-0

[Event "It"]
[Site "Bajmok YUG"]
[Date "2001.02.07"]
[Round "13"]
[White "Vidic,S"]
[Black "Varga,P"]
[Result "0-1"]
[WhiteElo "2227"]
[BlackElo "2464"]

1.e4 c5 2.Nf3 d6 3.Bb5+ Nc6 4.d4 cxd4 5.Nxd4 Bd7 6.Nc3 Nf6 7.O-O e6 8.Be3 Be7
9.Be2 O-O 10.Ndb5 Qb8 11.Bf4 Ne5 12.Bg3 a6 13.Nd4 Nc6 14.f4 Nxd4 15.Qxd4 Bc6
16.Bf3 Qc7 17.Kh1 Rad8 18.Rad1 Nd7 19.Qe3 Qb6 20.Qc1 Nc5 21.Bf2 Qc7 22.Bxc5 dxc5
23.e5 Bxf3 24.Rxf3 Qc6 25.Rfd3 c4 26.Rd4 Rxd4 27.Rxd4 Bc5 28.Rd1 b5 29.Qd2 b4
30.Ne2 f6 31.Nd4 Qd5 32.Nf3 Qxd2 33.Rxd2 Be3 34.Re2 Bxf4 35.Re4 Bxe5 36.Nxe5 fxe5
37.Kg1 Rf4 38.Rxe5 Kf7 39.Rc5 Rd4 40.Rc7+ Kf6 41.Kf1 Rd1+ 42.Ke2 Rb1 43.Rxc4 Rxb2
44.Kd3 a5 45.a3 b3 46.cxb3 Rxb3+ 47.Ke4 Rxa3 48.Kf4 Ra2 49.Kf3 a4 50.Rc8 a3
51.Rf8+ Ke7 52.Rg8 Kf7 53.Ra8 Ra1 54.Ra7+ Kf6 55.Kf2 a2 56.Ra5 e5 57.Ra6+ Kf5
58.Ra4 e4 59.Ra5+ Kf6 60.Ra6+ Ke5 61.Ra8 e3+ 62.Kg3 Kd6 63.Ra6+ Kc5  0-1

[Event "FSGM February"]
[Site "Budapest HUN"]
[Date "2001.02.08"]
[Round "5"]
[White "Estrada Nieto,J"]
[Black "Rajlich,V"]
[Result "1-0"]
[WhiteElo "2372"]
[BlackElo "2364"]

1.e4 c5 2.Nf3 d6 3.Bb5+ Nd7 4.d4 Nf6 5.Nc3 a6 6.Bxd7+ Nxd7 7.a4 e6 8.b3 Qa5
9.Bb2 cxd4 10.Nxd4 b6 11.Nb5 Bb7 12.Nc7+ Kd8 13.Nxa8 Bxe4 14.O-O Bxa8 15.Nb5 Qb4
16.Nd4 Qc5 17.c4 h5 18.Re1 Kc8 19.Qd2 h4 20.b4 Qh5 21.h3 Rh6 22.Kh2 Rg6 23.Rg1 Be7
24.Ne2 Ne5 25.Qe3 Nxc4 26.Rac1 d5 27.Nf4 Bd6 28.Kh1 Bxf4 29.Qxf4 Qf5 30.Qxf5 exf5
31.Rge1 Bc6 32.Bd4 Bxa4 33.Re7 Re6 34.Rxf7 g6 35.Rh7 Re4 36.Bxb6 Bb5 37.Bc5 Kb8
38.Rd1 Bc6 39.Rh6 Nb2 40.Rb1 Nd3 41.Rxg6 Bb5 42.Rg5 f4 43.Rxd5 Kb7 44.Rd1 Nxb4
45.R5d4 Rxd4 46.Rxd4 Nd3 47.Bd6 Nxf2+ 48.Kg1 Nd3 49.Bxf4 a5 50.Bg5 a4 51.Rxh4 a3
52.Bf6 Kc6 53.Rh8 a2 54.Ra8 Bc4 55.h4 Kd5 56.h5 Ke6 57.Ba1 Kf5 58.Ra5+ Kg4
59.Ra4  1-0

[Event "12th Goodricke Open"]
[Site "Calcutta IND"]
[Date "2001.02.08"]
[Round "3"]
[White "Khamatgaleev,A"]
[Black "Konguvel,P"]
[Result "1/2-1/2"]
[WhiteElo "2412"]
[BlackElo "2383"]

1.e4 c5 2.Nf3 d6 3.Bb5+ Nc6 4.O-O Bd7 5.c3 Nf6 6.Re1 a6 7.Bxc6 Bxc6 8.d4 cxd4
9.cxd4 Bxe4 10.Bg5 Qa5 11.Nc3 Bxf3 12.Qxf3 Qxg5 13.Qxb7 Rd8 14.Qc6+ Rd7 15.Qa8+ Rd8
16.Qc6+ Rd7 17.Qa8+  1/2-1/2

[Event "ch-ROM Women"]
[Site "Baile Tusnad ROM"]
[Date "2001.02.10"]
[Round "4"]
[White "Ionescu Brandis,I"]
[Black "Ciobanu,C"]
[Result "1-0"]
[WhiteElo "2330"]
[BlackElo "2209"]

1.e4 c5 2.Nf3 d6 3.Bb5+ Bd7 4.Bxd7+ Qxd7 5.O-O Nf6 6.Re1 Nc6 7.b3 g6 8.c3 Rc8
9.Bb2 Bg7 10.d4 cxd4 11.cxd4 d5 12.e5 Ne4 13.Nbd2 Nxd2 14.Qxd2 O-O 15.Re2 Qf5
16.Rae1 Rc7 17.h3 Qh5 18.Ba3 Rfc8 19.Qd3 Nd8 20.Bb4 Ne6 21.Bd2 Bh6 22.Kf1 Bxd2
23.Qxd2 Qf5 24.Nh4 Qc2 25.Nf3 Qc6 26.Rd1 Qa6 27.Ne1 Rc3 28.f3 b5 29.Kf2 b4
30.h4 Qb5 31.g3 a5 32.Re3 a4 33.Rd3 Kg7 34.f4 h5 35.Qe2 axb3 36.axb3 Qb6
37.Nf3 Qa7 38.Ng5 Qa3 39.f5 Nxg5 40.hxg5 e6 41.f6+ Kg8 42.Rxc3 Rxc3 43.Rb1 Qa7
44.Qd2 Qc7 45.Rb2 Kf8 46.Qe2 Qb6 47.Qd2 Ke8 48.Rb1 Kd7 49.Rb2 Kc7 50.Rc2 Qc6
51.Rb2 Kb7 52.Qe2 Qb6 53.Qd1 Qa6 54.Rc2 Qd3 55.Qxd3 Rxd3 56.Rc5 Rxb3 57.Rb5+ Ka6
58.Rb8 Rb1 59.Ke3 Ka5 60.Rb7 b3 61.Kd2 Ka4 62.Rxf7 Rf1 63.Rb7 Ka3 64.f7 Ka2
65.Ke2 Rf5 66.Ra7+ Kb1 67.Kd1 b2 68.Kd2 Rf2+ 69.Ke3 Rf5 70.Kd2 Rf3 71.Ke2 Kc2
72.Rc7+ Rc3 73.Rxc3+ Kxc3 74.f8=Q b1=Q 75.Qc5+ Kb3 76.Qb6+ Kc2 77.Qc5+ Kb2
78.Kd2 Ka1 79.Ke2 Qe4+ 80.Kf2 Kb2 81.Qb6+ Kc3 82.Qxe6 Kxd4 83.Qb6+ Kxe5 84.Qf6+  1-0

[Event "ch-Pol u20 Women"]
[Site "Brzeg Dolny POL"]
[Date "2001.02.11"]
[Round "5"]
[White "Reszka,M"]
[Black "Kadziolka,B"]
[Result "0-1"]
[WhiteElo "2093"]
[BlackElo "2169"]

1.e4 c5 2.Nf3 d6 3.Bb5+ Nc6 4.d4 cxd4 5.Qxd4 Bd7 6.Bxc6 Bxc6 7.c4 Nf6 8.Nc3 g6
9.O-O Bg7 10.Qd3 O-O 11.h3 Nd7 12.Nd4 Nc5 13.Qe3 e5 14.Nde2 f5 15.f3 fxe4
16.Nxe4 Bxe4 17.fxe4 Rxf1+ 18.Kxf1 Qf6+ 19.Kg1 Rf8 20.Bd2 Bh6 21.Qxh6 Qf2+
22.Kh2 Qxe2 23.Re1 Qxc4 24.Qh4 Nd3 25.Rd1 Nf4 26.Bxf4 Rxf4 27.Qe7 Qxe4 28.Rxd6 Rf7
29.Qg5 Qf4+ 30.Qxf4 Rxf4 31.Rd7 Rf7 32.Rd8+ Kg7 33.Kg3 Kf6 34.Re8 Rc7 35.Rf8+ Ke6
36.Rf3 e4 37.Rb3 Rf7 38.Rb5 a6 39.Ra5 Rf5 40.Ra3 Kd5 41.Rc3 Rf7 42.Rc8 e3
43.Rd8+ Ke4  0-1

[Event "FSGM February"]
[Site "Budapest HUN"]
[Date "2001.02.11"]
[Round "8"]
[White "Szeberenyi,A"]
[Black "Csom,I"]
[Result "1/2-1/2"]
[WhiteElo "2411"]
[BlackElo "2431"]

1.e4 c5 2.Nf3 d6 3.Bb5+ Bd7 4.Bxd7+ Qxd7 5.O-O Nc6 6.d3 Nf6 7.b3 e6 8.Bb2 Be7
9.Nbd2 O-O 10.Qe2 Qc7  1/2-1/2

[Event "12th Goodricke Open"]
[Site "Calcutta IND"]
[Date "2001.02.11"]
[Round "6"]
[White "Das,A"]
[Black "Bakre,T"]
[Result "0-1"]
[WhiteElo "2246"]
[BlackElo "2401"]

1.e4 c5 2.Nf3 d6 3.Bb5+ Bd7 4.Bxd7+ Qxd7 5.O-O Nf6 6.Re1 Nc6 7.b3 e6 8.Bb2 Be7
9.d4 cxd4 10.Nxd4 O-O 11.c4 Rfd8 12.Nc3 Ne8 13.Qd2 Bf6 14.Nde2 Nc7 15.Rad1 Qe8
16.Ng3 Qf8 17.Kh1 Rac8 18.f4 g6 19.Nb5 Bxb2 20.Qxb2 a6 21.Nxc7 Rxc7 22.Rd3 e5
23.f5 b5 24.cxb5 axb5 25.Rc1 Rcc8 26.Rdc3 Nd4 27.Ne2 Rxc3 28.Rxc3 d5 29.Nxd4 exd4
30.Rd3 dxe4 31.Rxd4 gxf5 32.Qd2 Rxd4 33.Qxd4 Qc8 34.h3 Qc1+ 35.Kh2 Qf4+ 36.g3 Qc7
37.h4 Qc2+ 38.Kg1 Qb1+ 39.Kg2 Qxa2+ 40.Kh3 Qa6 41.Qd5 Qe6 42.Qxb5 e3 43.Qe2 Qd5
44.Qg2 Qd1 45.Qc6 e2 46.Qe8+ Kg7 47.Qe5+ Kf8  0-1

[Event "ch-ROM Women"]
[Site "Baile Tusnad ROM"]
[Date "2001.02.12"]
[Round "6"]
[White "Ionescu Brandis,I"]
[Black "Calotescu,C"]
[Result "1/2-1/2"]
[WhiteElo "2330"]
[BlackElo "2206"]

1.e4 c5 2.Nf3 d6 3.Bb5+ Nd7 4.d4 Nf6 5.O-O cxd4 6.Qxd4 g6 7.e5 dxe5 8.Nxe5 Bg7
9.Nc3 O-O 10.Rd1 Qb6 11.Qxb6 Nxb6 12.Be3 Ng4 13.Nxg4 Bxg4 14.Re1 Be6 15.Bc5 Rfc8
16.Bxb6 axb6 17.a4 Bxc3 18.bxc3 Rxc3 19.Bd3 Rd8 20.Rab1 Rd6 21.Rb4 Kf8 22.Reb1 Ba2
23.Ra1 Bd5 24.f3 e6 25.Kf2 Rdc6 26.Ke2 Bc4 27.Rxc4 R3xc4 28.Bxc4 Rxc4 29.Kd3 Rc6
30.Rb1 Rd6+ 31.Ke3 Rc6 32.Kd3 Rd6+ 33.Ke3 Ke7 34.Rb4 Kd7 35.g4 f6 36.f4 Kc7
37.Rb5 Kc6 38.h4 Rd5 39.Rb1 Ra5 40.Rb4 Rd5 41.Rb1 h6 42.Rb4 h5 43.g5 f5 44.Ke2 e5
45.fxe5 Rxe5+ 46.Kd3 b5 47.axb5+ Rxb5 48.Ra4 Re5 49.Rc4+ Kd6 50.Rb4 b5 51.c4 bxc4+
52.Rxc4 Re1 53.Rc8 Re6 54.Rd8+ Ke7 55.Ra8 Rb6 56.Kd4 Rd6+ 57.Ke5 Re6+ 58.Kd5 Rd6+
59.Ke5 Re6+  1/2-1/2